Estatísticas para Times na premier league 2020/2021

Clique aqui para jogar o quiz

Estatísticas Gerais

  • Esse quiz foi jogado 538 vezes
  • A pontuação média é 9 de 20

Estatísticas das Respostas

Resposta% Correto
Manchester City
95%
Manchester United
95%
Arsenal
87%
Liverpool
85%
Chelsea
82%
Tottenham
67%
Aston Villa
47%
West Ham
44%
Everton
42%
Leicester
35%
Wolves
33%
Leeds
29%
Newcastle
26%
Brighton
25%
Burnley
25%
Crystal Palace
21%
Fulham
19%
Southampton
16%
Sheffield
10%
West Brom
10%

Distribuição das Pontuações

Percentil de Números Respondidos

Porcentagem de Pessoas com Cada Pontuação

Sua Pontuação Histórica

Você não jogou esse quiz